Entry Término temático
001 - NÚMERO DE CONTROL
- campo de control: 51536
003 - IDENTIFICADOR DEL NÚMERO DE CONTROL
- campo de control: BNPHU
005 - FECHA Y HORA DE LA ÚLTIMA TRANSACCIÓN
- campo de control: 20250721101125.0
008 - DATOS DE LONGITUD FIJA
- campo de control de longitud fija: 200615|| aca||aabn | a|a d
010 ## - NÚMERO DE CONTROL DE LA BIBLIOTECA DEL CONGRESO
- Número de control de LC: sh 85067669
040 ## - FUENTE DE LA CATALOGACIÓN
- Centro catalogador/agencia de origen: DO-SdBNP
- Lengua de catalogación: spa
- Centro/agencia transcriptor: BNPHU
- Normas de descripción: rda
150 ## - ENCABEZAMIENTO--TÉRMINO DE MATERIA
- Término de materia o nombre geográfico como elemento de entrada: Inventarios
360 ## - REFERENCIA COMPLEJA DE VÉASE ADEMÁS-MATERIA
- Texto explicativo: la subdivisión
- Encabezamiento referido a: Inventarios
- Texto explicativo: bajo tipos de industrias, instituciones y temas, por ejemplo
- Encabezamiento referido a: Industria de la construcción--Inventarios; Bibliotecas--Inventarios; Materiales--Inventarios
450 0# - TRAZADO DE VÉASE--TÉRMINO DE MATERIA
- Término de materia o nombre geográfico como elemento de entrada: Inventories
450 ## - TRAZADO DE VÉASE--TÉRMINO DE MATERIA
- Término de materia o nombre geográfico como elemento de entrada: Existencias
550 ## - TRAZADO VÉASE ADEMÁS--TÉRMINO DE MATERIA
- Término de materia o nombre geográfico como elemento de entrada: Control de inventarios
550 ## - TRAZADO VÉASE ADEMÁS--TÉRMINO DE MATERIA
- Término de materia o nombre geográfico como elemento de entrada: Inventarios de respaldo
550 ## - TRAZADO VÉASE ADEMÁS--TÉRMINO DE MATERIA
- Término de materia o nombre geográfico como elemento de entrada: Inventarios al menudeo
550 ## - TRAZADO VÉASE ADEMÁS--TÉRMINO DE MATERIA
- Término de materia o nombre geográfico como elemento de entrada: Déficit del inventario
670 ## - FUENTE DE DATOS ENCONTRADOS
- Cita de la fuente: Work cat.: (OSt)24630: Beranek, William, 1946- 51534, Administración del capital de trabajo /, 1979.
670 ## - FUENTE DE DATOS ENCONTRADOS
- Identificador Uniforme del Recurso: https://librunam.dgb.unam.mx:8443/F/8P2YPBU2GTF5S7NIKA1M51EBE566U6AKBD1JY6691T7BSHYD5C-11563?func=full-set-set&set_number=000846&set_entry=000001&format=001 Consultado en 21 de Julio, 2025
670 ## - FUENTE DE DATOS ENCONTRADOS
- Identificador Uniforme del Recurso: https://authorities.loc.gov/cgi-bin/Pwebrecon.cgi?AuthRecID=4718699&v1=1&HC=6&SEQ=20250721100348&PID=DvVIQzrlJmCLSBCvpq06Zo8txidF Consultado en 21 de Julio, 2025
680 ## - NOTA GENERAL PÚBLICA
- Texto explicativo: Aquí se asientan los trabajos sobre o consistentes de listas de materias primas, insumos, productos terminados, etc., a la mano en un momento determinado
750 ## - ENTRADA DE ENLACE DE ENCABEZAMIENTO ESTABLECIDO--TÉRMINO DE MATERIA
- Término de materia o nombre geográfico como elemento de entrada: Inventories
- Número de control del registro de autoridad o número normalizado: sh 85067669
